000 00787nam a22002175i 4500
005 20260701153422.0
020 _a9789370033450
041 _aENG
082 _a378.54
_bRAM
100 _aRam, Pattabhi
245 0 4 _aThe man who saw tomorrow :
_bthe untold story of N.J. Yasaswy, the founder of ICFAI /
_cPattabhi Ram, Sudhakar Rao.
260 _aNew Delhi :
_bRupa Publication,
_c2025 .
300 _axxiii, 231 pages ;
_c22 cm.
504 _aInclude index.
505 _aI. Finding his feet -- II. Building big -- III. Trial by fire -- IV. Republic of learning -- V. Walking together -- VI. The man -- VII. Final days
600 _aYasaswy, N. J.
650 _aHigher education
_zIndia
650 _aManagement education
_zIndia.
700 _aRao, Sudhakar
942 _2ddc
_cBK
999 _c24370
_d24370